[Event "Regionalliga SW 0809"]
[Site "Bayern"]
[Date "2009.02.01"]
[Round "6.8"]
[White "Eicher, David"]
[Black "Caspers, Christian"]
[Result "0-1"]
[WhiteElo "1876"]
[BlackElo "2028"]
[PlyCount "73"]
[EventDate "2008.10.05"]
[EventType "team-tourn"]
[EventRounds "9"]
[EventCountry "GER"]
[SourceTitle "EXT 2020"]
[Source "ChessBase"]
[SourceDate "2019.10.17"]
[SourceVersion "1"]
[SourceVersionDate "2019.10.17"]
[SourceQuality "1"]
[WhiteTeam "Muenchen Suedost"]
[BlackTeam "Muenchen Siemens"]
[WhiteTeamCountry "GER"]
[BlackTeamCountry "GER"]

1. d4 Nf6 2. Nf3 c5 3. dxc5 Qa5+ 4. Nc3 e6 5. Bd2 Qxc5 6. e4 d6 7. Bd3 Be7 8. 0-0 Bd7 9. Be3 Qa5 10. a3 0-0 11. h3 a6 12. Ne2 Bc6 13. Nd2 Nbd7 14. f4 Qc7 15. b4 b5 16. Nd4 Nb6 17. Nxc6 Qxc6 18. Qe2 Rac8 19. Bd4 Nc4 20. Rfe1 Nxd2 21. Qxd2 Nd7 22. e5 Bd8 23. exd6 Qxd6 24. Bc5 Qc7 25. Bxf8 Nxf8 26. Rf1 Bf6 27. Rab1 Nd7 28. Kh1 Nb6 29. Rb3 Nd5 30. f5 Bc3 31. Qf2 e5 32. Qg3 Nf6 33. Qf3 Bd4 34. g4 Qd7 35. Re1 Nd5 36. Be4 Nc3 37. Bd3 0-1